| 000 | 00986nam a22002657a 4500 | ||
|---|---|---|---|
| 003 | DO-SdBNP | ||
| 005 | 20240423141545.0 | ||
| 007 | ta | ||
| 008 | 210909e2017 a|||| |||| 00| 0aspa d | ||
| 040 |
_aDO-SdBNP _bspa _cBNPHU |
||
| 082 | 4 |
_222 _a378.11107293 _bF438d |
|
| 100 | 1 |
_aFiallo Calderón, Miguel, _d1948- _975903 |
|
| 245 | 1 | 0 |
_aDiscursos del rector : abril del 2005 - abril de 2017 / _cMiguel Fiallo Calderón |
| 250 | _bNathalie Almonte | ||
| 260 |
_aSanto Domingo : _bUNPHU, _c[2017]. |
||
| 300 |
_a232 p. : _bil.; retrs. ; _c22 cm. |
||
| 500 | _a50 aniversario (1966-2016). | ||
| 590 | _aInventariado, 2021 S/A | ||
| 650 | 4 |
_aEducación superior _979807 _zRepública Dominicana |
|
| 650 | 4 |
_aDiscursos _xUniversidad Nacional Pedro Henríquez Ureña _yRepública Dominicana _979816 |
|
| 650 | 4 |
_aEnsayos _xConferencias _979808 _zRepública Dominicana |
|
| 710 |
_aDepartamento de Mercadeo y Comunicaciones UPHU _eFotografía _979817 |
||
| 910 | _aSaquino | ||
| 942 |
_2ddc _cLBS1 |
||
| 999 |
_c50456 _d50456 |
||